Niezapomniane Jedenastki #38: Portugalia 2004 - Statystyki

Ogólne statystyki
  • Ten quiz został rozwiązany 64 razy
  • Średni wynik to 7 z 11
Statystyki odpowiedzi
Pozycja Klub Inicjały Zawodnik % Poprawnych
LS Man United CR Cristiano Ronaldo
98%
PS Real M. LF Luis Figo
92%
ŚP Porto D Deco
80%
N Paris SG P Pauleta
75%
ŚO Porto RC Ricardo Carvalho
71%
BR Sporting R Ricardo
64%
ŚP Porto M Maniche
56%
LO Porto NV Nuno Valente
42%
ŚPD Porto C Costinha
36%
ŚO Deportivo JA Jorge Andrade
31%
PO Benfica M Miguel
22%
Nie znaleziono quizów pasujących do podanych kryteriów
Rozkład punktacji
Procent ludzi z każdym wynikiem
Percentyl według liczby udzielonych odpowiedzi
Twoja historia wyników
Nie rozwiązałeś tego quizu